000
00289nam a2200109Ia 4500
008
210430s9999 xx 000 0 und d
082
_a
330.01L243E
100
_a
Dr.Khalil Ahmad
245
_a
Ecnomics Freedom network Pakistan(urdu)
_c
Dr.Khalil Ahmad
300
_a
220p.
942
_c
BK
_2
ddc
999
_c
565945
_d
565945